Statistics for Famous landmarks - Asia

Click here to take the quiz!

General Stats

  • This quiz has been taken 70 times
  • The average score is 7 of 15

Answer Stats

Answer% Correct
Taj Mahal
98%
Angkor Wat
75%
Great Wall of China
73%
Mount Fuji
71%
Mount Everest
67%
Burj Khalifa
65%
Forbidden City
65%
Petra
65%
Petronas Towers
52%
Dome of the Rock
48%
Western Wall
29%
Gateway of India
17%
Leshan Giant Buddha
8%
Zhangye Danxia
8%
Church of the Holy Sepulchre
4%

Score Distribution

Percentile by Number Answered

Percent of People with Each Score

Your Score History

You have not taken this quiz